000
00282nam a2200109 a 4500
008
111125s1973|||| d
100
1
_a
Malsy, Jean-Claude
245
1
0
_a
La foret de Compiegne
260
_b
Nouvelles Editions Latines
_a
Paríž
_c
1973
020
_c
100
044
_a
xo
_c
SK
999
_c
19883
_d
19883